01126nab a22002177a 4500003000400000005001700004008004100021040000700062100002500069245009100094260007200185300001300257500005000270505026800320505009000588650002000678650002200698650002900720700002700749773013200776OSt20260115224822.0190605e xxu||||| |||| 00| 0 spa d cPJ aGambacorta, Mario L.10a¿Estamos aplicando bien la ley 14.786? /cMario L. Gambacorta, Álvaro Daniel Ruiz.  aCiudad Autónoma de Buenos Aires :bThomson Reuters La Ley,c2025. ap. 22-25 aCita Online: Cita: TR LALEY AR/DOC/858/2025. aSumario: I. Una breve introducción a la temática que nos ocupa en este trabajo.— II. ¿Procedimiento obligatorio o conciliación obligatoria?— III. El procedimiento obligatorio de conciliación.— IV. La conciliación obligatoria.— V. Concluyendo.  t¿Te interesa el texto completo? Solicitalo al correo: koha@justierradelfuego.gov.ar  0aDERECHO LABORAL 0aDERECHO DE HUELGA 0aCONCILIACION OBLIGATORIA aRuiz, Álvaro Daniel 0 02711dCiudad Autónoma de Buenos Aires : Thomson Reuters La Ley, 1999-2002.tRevista de derecho del trabajo. Nº 3 - Mayo 2025